<?xml version="1.0" encoding="UTF-8"?>
<marc:record xmlns:marc="http://www.loc.gov/MARC21/slim">
   <marc:leader>00000nam a2200000 a 4500</marc:leader>
   <marc:datafield ind1="1" ind2=" " tag="100">
      <marc:subfield code="a">Eger, Edith Eva</marc:subfield>
      <marc:subfield code="4">aut</marc:subfield>
      <marc:subfield code="e">Verfasser/-in</marc:subfield>
   </marc:datafield>
   <marc:datafield ind1="1" ind2=" " tag="100">
      <marc:subfield code="a">Barth, Meredith</marc:subfield>
   </marc:datafield>
   <marc:datafield ind1=" " ind2=" " tag="653">
      <marc:subfield code="a">Auschwitz</marc:subfield>
   </marc:datafield>
   <marc:datafield ind1=" " ind2=" " tag="653">
      <marc:subfield code="a">Ungarn</marc:subfield>
   </marc:datafield>
   <marc:datafield ind1=" " ind2=" " tag="653">
      <marc:subfield code="a">Holocaust</marc:subfield>
   </marc:datafield>
   <marc:datafield ind1=" " ind2=" " tag="653">
      <marc:subfield code="a">Judenverfolgung</marc:subfield>
   </marc:datafield>
   <marc:datafield ind1=" " ind2=" " tag="653">
      <marc:subfield code="a">Jugendbücher ab 12 Jahre</marc:subfield>
   </marc:datafield>
   <marc:datafield ind1=" " ind2=" " tag="653">
      <marc:subfield code="a">Konzentrationslager</marc:subfield>
   </marc:datafield>
   <marc:datafield ind1=" " ind2=" " tag="653">
      <marc:subfield code="a">Tänzerin</marc:subfield>
   </marc:datafield>
   <marc:datafield ind1=" " ind2=" " tag="653">
      <marc:subfield code="a">Zweiter Weltkrieg</marc:subfield>
   </marc:datafield>
   <marc:datafield ind1=" " ind2=" " tag="653">
      <marc:subfield code="a">Biographien für Kinder und Jugendliche</marc:subfield>
   </marc:datafield>
   <marc:datafield ind1="0" ind2="0" tag="245">
      <marc:subfield code="a">Die Ballerina von Auschwitz</marc:subfield>
   </marc:datafield>
   <marc:datafield ind1="0" ind2="0" tag="245">
      <marc:subfield code="b">Eine wahre Geschichte</marc:subfield>
   </marc:datafield>
   <marc:datafield ind1="0" ind2="0" tag="245">
      <marc:subfield code="c">Eger, Edith Eva</marc:subfield>
   </marc:datafield>
   <marc:datafield ind1=" " ind2="1" tag="264">
      <marc:subfield code="a">München</marc:subfield>
      <marc:subfield code="b">btb</marc:subfield>
      <marc:subfield code="c">2025</marc:subfield>
   </marc:datafield>
   <marc:datafield ind1=" " ind2=" " tag="250">
      <marc:subfield code="a">1. Auflage, deutsche Erstausgabe</marc:subfield>
   </marc:datafield>
   <marc:datafield ind1="1" ind2=" " tag="520">
      <marc:subfield code="a">Der internationale Bestseller »In der Hölle tanzen« jetzt als Ausgabe für junge Leser*innen&#xD;
&#xD;
»Ich möchte mein fast hundertjähriges Leben und meine Erfahrung nutzen, euch zu ermutigen, um Krisen, Schmerz und Kämpfe besser zu bewältigen und euer Leben so zu leben, wie ihr es für euch gut ist.« Edith Eva Eger im Vorwort zu »Die Ballerina von Auschwitz«&#xD;
Edie ist eine talentierte Tänzerin und Turnerin, die sich Hoffnungen macht, in die Olympiamannschaft aufgenommen zu werden. Zwischen strengem Training und ihrem Kampf, ihren Platz in der Familie zu finden, in der sie als »die mit Köpfchen« gilt und ihre Schwester Magda als »die Hübsche«, bleibt Edie  keine Zeit,  sich mit dem Zustand der Welt zu befassen. Doch für ein jüdisches Mädchen ist das Leben in Ungarn im Jahr 1943 gefährlich.&#xD;
Als Edie sich zum ersten Mal verliebt, tobt in Europa der Krieg, und Edies bisheriges Leben zerbricht. Ihre Familie wird in einen Zug gezwungen, der sie ins Konzentrationslager Auschwitz bringt. Aber selbst in diesen dunkelsten Momenten schöpft sie Kraft aus Erics Liebe. „Ich werde deine Augen nie vergessen“, sagt er ihr durch die Gitterstäbe des Viehwaggons. Auschwitz ist das Grauen, doch trotz des Hungers und der unvorstellbaren Schrecken findet Edie Kraft in ihrer Liebe zu Eric und der Hoffnung, ihn irgendwann wiederzusehen. Allen Widrigkeiten zum Trotz überleben Edie und ihre Schwester Magda, dank ihrer engen Verbundenheit und ihrem ungeheuren Mut.</marc:subfield>
   </marc:datafield>
   <marc:datafield ind1=" " ind2=" " tag="020">
      <marc:subfield code="a">9783442775477</marc:subfield>
      <marc:subfield code="9">9783442775477</marc:subfield>
   </marc:datafield>
   <marc:datafield ind1=" " ind2=" " tag="020">
      <marc:subfield code="a">3442775477</marc:subfield>
      <marc:subfield code="9">3442775477</marc:subfield>
   </marc:datafield>
   <marc:datafield ind1=" " ind2=" " tag="041">
      <marc:subfield code="a">ger</marc:subfield>
   </marc:datafield>
   <marc:datafield ind1="1" ind2=" " tag="521">
      <marc:subfield code="a">Jugend</marc:subfield>
   </marc:datafield>
   <marc:datafield ind1=" " ind2=" " tag="338">
      <marc:subfield code="a">Band</marc:subfield>
   </marc:datafield>
   <marc:datafield ind1=" " ind2=" " tag="300">
      <marc:subfield code="a">271 Seiten</marc:subfield>
   </marc:datafield>
</marc:record>
